Tones and I Charting Songs (Billboard Hot Rock / Alt) - Statistics

General Stats
  • This quiz has been taken 6 times
    2 since last reset
  • The average score is 2 of 6
Answer Stats
Album Weeks On Peak Artist(s) Song % Correct
The Kids are Coming 8 Weeks #3 Tones and I Dance Monkey
100%
Non-Album Single 7 Weeks #19 Tones and I Bad Child
50%
Welcome to the Mad House 3 Weeks #46 Tones and I Cloudy Day
0%
Welcome to the Mad House 24 Weeks #14 Tones and I Fly Away
0%
Non-Album Single 10 Weeks #23 Tones and I Ur So cOoL
0%
Welcome to the Mad House 1 Week #49 Tones and I Won't Sleep
0%
No matching quizzes found
Score Distribution
Percent of People with Each Score
Percentile by Number Answered
Your Score History
You have not taken this quiz since the last reset